000 01351nam a2200229Ia 4500
003 Ost
005 20260507075215.0
008 260507s9999||||xx |||||||||||||| ||und||
040 _cfsecg
041 _aara
082 _a330
100 _aحردان، طاهر حيدر
_eمؤلف
245 0 _aأساسيات الإستثمار /
_c طاهر حيدر حردان
260 _aعمان:
_bدار المستقبل,
_c2008
300 _a205 صفحة؛
_bإيضاحات ؛
_c24 سم
504 _aمراجع ص.199 ؛ ملاحق ص 183
520 _aمقدمة في الاستثمار و أسواق و مؤسسات الاستثمار ، أركان و أساليب التعامل في أسواق الاستثمار المالي ، سعر الفئدة و الاستثمار ، تكوين المحافظ الاستثمارية و تحليلها و تعديلها و المبادلة بين المخاطرة و العائد ، الاستثمار بالاسهم و السندات ، أسس تقييم الاوراق المالية و الهدف من هذا التقييم ، التعامل بأدوات الاستثمار في السوق النقدية ،أساليب المفاضلة بين أوجه الاستثمار .
653 _aالإستثمار
653 _aالأسواق المالية
653 _aالسندات
942 _cكتاب
999 _c43491
_d43491